Statistics for Top Universities by State

Click here to take the quiz!

General Stats

  • This quiz has been taken 41 times
  • The average score is 15 of 50

Answer Stats

StateCollege% Correct
AlaskaUniversity of Alaska, Fairbanks
69%
ArizonaUniversity of Arizona
66%
ConnecticutYale University
66%
AlabamaAuburn University
57%
New JerseyPrinceton University
57%
MichiganUniversity of Michigan, Ann Arbor
57%
Rhode IslandBrown University
49%
FloridaUniversity of Florida
49%
HawaiiUniversity of Hawaii, Manoa
46%
North CarolinaDuke University
43%
DelawareUniversity of Delaware
43%
IndianaUniversity of Notre Dame
43%
IdahoCollege of Idaho
40%
New HampshireDartmouth College
40%
IllinoisNorthwestern University
40%
TexasRice University
40%
KansasUniversity Of Kansas
40%
TennesseeVanderbilt University
40%
UtahBrigham Young University
37%
West VirginiaUniversity of West Virginia
37%
WisconsinUniversity of Wisconsin, Madison
37%
WyomingUniversity of Wyoming
37%
VirginiaWashington and Lee Universiy
37%
MissouriWashington University in St. Louis
37%
LouisianaTulane University
34%
NevadaUniversity of Nevada, Reno
34%
North DakotaUniversity of North Dakota
34%
GeorgiaEmory University
31%
South DakotaUniversity of South Dakota
31%
ColoradoUnited States Air Force Academy
26%
MarylandUnited States Naval Academy
23%
New YorkUnited States Military Academy
17%
MaineBowdoin University
14%
NebraskaCreighton University
14%
MinnesotaCarleton College
11%
OhioOberlin College
11%
CaliforniaPomona College
11%
IowaGrinnell College
9%
MassachusettsWilliams College
9%
ArkansasHendrix College
6%
OregonReed College
6%
PennsylvaniaSwarthmore College
6%
OklahomaUniversity of Tulsa
6%
MontanaCarroll College
3%
KentuckyCentre College
3%
MississippiMillsaps College
3%
WashingtonWhitman College
3%
South CarolinaWofford College
3%
VermontMiddlebury College
0%
New MexicoSaint John's College
0%

Score Distribution

Percentile by Number Answered

Percent of People with Each Score

Your Score History

You have not taken this quiz